| 000 | 00987cab a2200277 4500 | ||
|---|---|---|---|
| 001 | ABS51520 | ||
| 008 | 090401t1994 xxu||||| |||| 00| 0 eng d | ||
| 035 | _a(Sirsi) u31564 | ||
| 041 | _aeng | ||
| 100 | _aParker, D. | ||
| 245 | _aTaking sides on safety | ||
| 260 | _c1994 | ||
| 350 | _a0 | ||
| 490 |
_aNew Builder _v(232) 14 October 1994, 21-22(2) |
||
| 520 | _aReports the findings of an "NCE" and "New Builder" survey on preparations for, and expectations of, the forthcoming CONDAM regulations. While most firms are providing staff training and expect a rise in costs, few believe the regulations will improve site safety in practice. | ||
| 650 | _aACCIDENT RATE | ||
| 650 | _aCONDAM REGULATIONS | ||
| 650 | _aCONSTRUCTION (DESIGN AND MANAGEMENT) REGULATIONS 1994 | ||
| 650 | _aCONSTRUCTION SITES | ||
| 650 | _aOPERATING COSTS | ||
| 650 | _aRISK | ||
| 650 | _aSITE SAFETY | ||
| 690 | _aBUILT ENVIRONMENT-BUILDING STANDARDS | ||
| 942 | _n0 | ||
| 948 | _c04/03/1997 | ||
| 999 |
_c21190 _d21190 |
||